Doṭānā. (Record no. 54265)

MARC details
000 -LEADER
fixed length control field 00481cam a22002051 4500
001 - CONTROL NUMBER
control field sa 63002033
003 - CONTROL NUMBER IDENTIFIER
control field DLC
005 - DATE AND TIME OF LATEST TRANSACTION
control field 20260227111931.0
008 - FIXED-LENGTH DATA ELEMENTS--GENERAL INFORMATION
fixed length control field 890717s1962 ii 000 1 beno
010 ## - LIBRARY OF CONGRESS CONTROL NUMBER
LC control number sa 63002033
035 ## - SYSTEM CONTROL NUMBER
System control number (OCoLC)20023723
040 ## - CATALOGING SOURCE
Original cataloging agency DLC
Transcribing agency WaU
Modifying agency DLC
050 00 - LIBRARY OF CONGRESS CALL NUMBER
Classification number PK1718.R59
Item number D6
100 1# - MAIN ENTRY--PERSONAL NAME
Personal name Roy, Dilip Kumar,
Dates associated with a name 1897-1980.
245 10 - TITLE STATEMENT
Title Doṭānā.
260 ## - PUBLICATION, DISTRIBUTION, ETC.
Date of publication, distribution, etc. [1962]
300 ## - PHYSICAL DESCRIPTION
Extent 133 p.
Dimensions 23 cm.
500 ## - GENERAL NOTE
General note In Bengali.
500 ## - GENERAL NOTE
General note A novel.

No items available.

Powered by Koha